[Event "SVK-chT3B2 1516"]
[Site "Slovakia"]
[Date "2015.12.13"]
[Round "4.7"]
[White "Rehak, Vladimir"]
[Black "Matavka, Stanislav"]
[Result "1-0"]
[WhiteElo "1398"]
[BlackElo "1000"]
[PlyCount "71"]
[EventDate "2015.10.11"]
[EventType "team-tourn"]
[EventRounds "11"]
[EventCountry "SVK"]
[SourceTitle "CBM 170 Extra"]
[Source "ChessBase"]
[SourceDate "2016.02.25"]
[SourceVersion "1"]
[SourceVersionDate "2016.02.25"]
[SourceQuality "1"]
[WhiteTeam "Myjava Spartak"]
[BlackTeam "Chynorany"]
[WhiteTeamCountry "SVK"]
[BlackTeamCountry "SVK"]

1. e4 e5 2. Nf3 Nc6 3. Bb5 Bd6 4. Nc3 Nf6 5. d3 a6 6. Ba4 b5 7. Bb3 Bb7 8. Bg5 0-0 9. a3 Kh8 10. Qd2 Be7 11. h3 Nd4 12. Nxe5 Nxb3 13. cxb3 Nh5 14. Bxe7 Qxe7 15. Nf3 f5 16. 0-0 fxe4 17. dxe4 Bxe4 18. Rfe1 Nf6 19. Ng5 d5 20. b4 Qd6 21. Rad1 c6 22. Ngxe4 Qc7 23. Nxf6 Rxf6 24. Re2 Raf8 25. Rde1 h6 26. Nd1 Rg6 27. Qc3 Qd7 28. Re7 Qf5 29. Re8 Rxe8 30. Rxe8+ Kh7 31. Re3 Qd7 32. Qd3 Qd6 33. Rg3 Qe6 34. Nc3 h5 35. Ne2 Kh6 36. Qd2+ 1-0